01535nam a2200325 i 4500001001000000003000900010005001700019007000300036008004100039040003000080041000800110082003100118100005000149245006500199264005300264300005500317336002700372337003300399338002800432504003100460590002700491600004700518651004700565910003700612942001400649952013100663952013700794952026100931999001701192000038690DO-SdBNP20241202095238.0ta100225s1996 dr c 000 0 spa d aDO-SdBNPbspacBNPHUerda aspa 4a923.27293bM524cr 19962221 aCruz Sánchez, Filibertoeautor4aut.91311210aMella :bbiografía política /cFiliberto Cruz Sánchez. 1aSanto Domingo :bEditora El Nuevo Diario,c1996. a196 páginas :bilustraciones, retratos ;c22 cm. atextobtxt2rdacontent asin mediaciónbn2rdamedia avolumenbnc2rdacarrier aBibliografía: p. 193-196 aInventariado, 2024/ YL10aMella, Matías Ramón, d1816-186491264 4aRepública DominicanaxBiografías91325 aValidado. Control de calidad MFF 2ddccLBS1 00102ddc51708PDaBNPHUbBNPHUcHDd2013-04-18l0oBNPHU PD 923.27293 M524cr 1996p38690-10r2020-06-25yLBS1ZNo se presta 00102ddc51708PDaBNPHUbBNPHUcHDd2014-03-27l0oBNPHU PD 923.27293 M524cr 1996p38690-20r2020-06-25te. 2yLBS1ZNo se presta 00102ddc56708DSaBNPHUbBNPHUcHDd2023-12-01eDonado por la Presidencia de la República Dominicana 2023l0oBNPHU DS 923.27293 M524cr 1996p2024-6336r2024-11-07te. 3w2024-11-07yLBS1zPerteneció a la biblioteca personal de Emilio Cordero Michel c38180d38180